Yeni ulus (Record no. 11429)

MARC details
000 -BAŞLIK
Sabit Uzunlukta Kontrol Alanı 01060na a2200325 4500
001 - KONTROL NUMARASI
Denetim Alanı 22253
003 - KONTROL NUMARASI IDENTIFIER
Denetim Alanı MIRAKIL
005 - SON İŞLEM TARİHİ VE ZAMANI
Denetim Alanı 20181226092844.0
008 - SABİT-BOY VERİ ELEMANLARI - GENEL BİLGİLER
Sabit Uzunlukta Kontrol Alanı 170212b tu n0 0 0
022 ## - ULUSLARARASI STANDART SERİ NUMARASI
Uluslararası Standart Süreli Yayın Numarası 2147-0391
035 ## - SİSTEM KONTROL NUMARASI
Sistem Kontrol Numarası 20919
040 ## - KATALOGLAMA KAYNAK
Orijinal Kataloglama Ajansı Milas
Kataloglama Dili tur
Metne Dönüştürmek Ajansı TR-AnCHP
041 ## - DİL KODU
Metin / Ses Parça Veya Ayrı Başlığın Dil Kodu tur
090 ## - SINIFLAMA NUMARASI
Sınıflama Numarası 050 DER 145
222 ## - ANAHTAR ADI
Anahtar Başlık Yeni ulus
245 ## - BAŞLIK TABLOSU
Başlık Yeni ulus
Başlığın Kalan politika ekonomi toplum
246 ## - UNVAN FORM VARYING
Başlık Doğru / Kısa Başlığı Yeni ulus dergisi
260 ## - YAYIN, DAĞITIM, VB
Yayın, Dağıtım, Vb Yeri Ankara
Yayıncı, Dağıtıcı, Vs Adı Sökerler Ltd. Şti.
Yayın, Dağıtım, Vb Tarihi 2011-
300 ## - FİZİKSEL TANIM
Kapsam c.
Diğer Fiziksel Ayrıntıları rnk. res.
Boyutlar 30 sm.
362 ## - YAYIN VE / VEYA SIRALI GÖREVLENDİRİLMESİNE TARİHLERİ
Yayın Ve / Veya Ardışık Kullanım Amacı Tarihleri yıl 1, sayı 1 (Eylül 2010)-
500 ## - GENEL NOT
Genel Not Mevcut sayılar: (c.1, s.1) 2010; (c.1, s.2) 2010; (c.1, s.8) 2011; (c.1, s.10) 2011; (c.1, s.12) 2012; (c.2, s.14) 2012; (c.2, s.15) 2012;
500 ## - GENEL NOT
Genel Not Niteleme yıl 1, sayı 1 (Eylül 2010)'e dayalıdır.
520 ## - ÖZET, VB
Özet, Vb "Özgür ve bağımsız haber"
650 ## - KONU KATMA GİRİŞ - TOPİKAL DÖNEM
Topikal Süreli Veya Coğrafi Ad Giriş Elemanı Siyaset
Form Alt Bölümü Süreli yayınlar
Genel Alt Bölümü Aktüalite
Coğrafi Alt Bölümü Türkiye
651 ## - KONU KATMA GİRİŞ - COĞRAFİ ADI
Coğrafi İsim Türkiye
Form Alt Bölümü Süreli yayınlar
Genel Alt Bölümü Siyaset ve yönetim
910 ## - KULLANICI SEÇENEK, VERİLERİN (OCLC)
Kullanıcı Seçenek Veri DERGİ 145
942 ## - EKLENDİ GİRİŞ ELEMANLARI (KOHA)
Sınıflandırma Veya Raf Düzeni Kaynak Dewey Decimal Classification
Koha Öğesi Türü Serials
999 ## - SİSTEM KONTROL NUMARALARI (KOHA)
Koha Biblionumber 11429
Koha Biblioitemnumber 11429
310 ## - MEVCUT YAYIN FREKANSI
Güncel Yayın Frekansı Haftalık
655 ## - INDEX DÖNEM - TÜR / FORMU
-- Dergi
Holdings
Kullanım Kısıtlamaları Kalıcı Konum Mevcut Konum Edinme Tarihi Kodlu Konum Eleme Toplam Check-Out'Lar Tam Çağrı Numarası Barkod Tarih Son Görülme İtibaren Geçerli Fiyatlar Sigara Kamu Notu Koha Öğesi Türü
Kütüphane dışına çıkarılamaz CHP Kütüphanesi CHP Kütüphanesi 02/12/2017 SÜRELİ YAYINLAR   050 DER 150 D145 02/12/2017 02/12/2017 Serials